<?xml version="1.0" encoding="UTF-8"?>
<record
    xmlns:xsi="http://www.w3.org/2001/XMLSchema-instance"
    xsi:schemaLocation="http://www.loc.gov/MARC21/slim http://www.loc.gov/standards/marcxml/schema/MARC21slim.xsd"
    xmlns="http://www.loc.gov/MARC21/slim">

  <leader>01383nam a2200241 i 4500</leader>
  <controlfield tag="001">167768</controlfield>
  <controlfield tag="003">ES-MaACL</controlfield>
  <controlfield tag="005">20250929063250.0</controlfield>
  <controlfield tag="008">191119s1826    fr     | |||||||| ||spa d</controlfield>
  <datafield tag="100" ind1="1" ind2=" ">
    <subfield code="a">Las Cases, Emmanuel, </subfield>
    <subfield code="c">comte de, </subfield>
    <subfield code="d">1766-1842</subfield>
    <subfield code="9">70385</subfield>
  </datafield>
  <datafield tag="245" ind1="1" ind2="0">
    <subfield code="a">Atlas historico, genealogico, cronologico, geografico, etc., de Lesage / </subfield>
    <subfield code="c">escrito por el Conde de las Casas ; traducido, corregido y aumentado por un espa&#xF1;ol americano.</subfield>
  </datafield>
  <datafield tag="260" ind1=" " ind2=" ">
    <subfield code="a">Paris : </subfield>
    <subfield code="b">Libreria Hispano-Francesa de Bossange padre, </subfield>
    <subfield code="c">1826 (</subfield>
    <subfield code="f">en la imprenta de Firmin Didot)</subfield>
  </datafield>
  <datafield tag="300" ind1=" " ind2=" ">
    <subfield code="a">[4] h., [68] h. de l&#xE1;m. encaradas col ; </subfield>
    <subfield code="c">55 x 37  cm.</subfield>
  </datafield>
  <datafield tag="594" ind1=" " ind2=" ">
    <subfield code="a">T&#xED;tulo en anteportada: "Atlas historico de Lesage"</subfield>
  </datafield>
  <datafield tag="594" ind1=" " ind2=" ">
    <subfield code="a">Lesage es seud&#xF3;nimo de el Conde de las Casas.</subfield>
  </datafield>
  <datafield tag="596" ind1=" " ind2=" ">
    <subfield code="a">Datos de impresor tomados del verso de la anteportada.</subfield>
  </datafield>
  <datafield tag="597" ind1=" " ind2=" ">
    <subfield code="a">Portada con grabado aleg&#xF3;rico con la inscripci&#xF3;n: "La historia es la antorcha de la verdad"</subfield>
  </datafield>
  <datafield tag="599" ind1=" " ind2=" ">
    <subfield code="a">Las hojas de l&#xE1;minas calcogr&#xE1;ficas representan cuadros con texto y tambi&#xE9;n mapas, algunos de ellos coloreados. Algunas de las l&#xE1;minas figuran impresas en la imprenta de Rignoux (Paris) y otras en la de E. Pochard (Paris)</subfield>
  </datafield>
  <datafield tag="650" ind1=" " ind2="7">
    <subfield code="a">Atlas</subfield>
    <subfield code="2">embne</subfield>
    <subfield code="9">10407</subfield>
  </datafield>
  <datafield tag="700" ind1="1" ind2=" ">
    <subfield code="a">Arcos, Antonio.</subfield>
    <subfield code="9">168789</subfield>
  </datafield>
  <datafield tag="852" ind1=" " ind2=" ">
    <subfield code="a">ES-MaACL</subfield>
    <subfield code="j">B-6743 </subfield>
    <subfield code="z">.- Dedicatoria aut&#xF3;grafa de Andr&#xE9;s Arango al Ateneo, 1840.</subfield>
  </datafield>
  <datafield tag="999" ind1=" " ind2=" ">
    <subfield code="c">167768</subfield>
    <subfield code="d">167768</subfield>
  </datafield>
  <datafield tag="952" ind1=" " ind2=" ">
    <subfield code="0">0</subfield>
    <subfield code="1">0</subfield>
    <subfield code="4">0</subfield>
    <subfield code="7">0</subfield>
    <subfield code="8">LIBXIX</subfield>
    <subfield code="a">ATENEOM</subfield>
    <subfield code="b">ATENEOM</subfield>
    <subfield code="c">SPB</subfield>
    <subfield code="d">2019-11-19</subfield>
    <subfield code="e">SC</subfield>
    <subfield code="l">0</subfield>
    <subfield code="o">B-6743</subfield>
    <subfield code="p">1201261</subfield>
    <subfield code="r">2023-02-23 00:00:00</subfield>
    <subfield code="w">2023-02-23</subfield>
    <subfield code="y">MONANT</subfield>
  </datafield>
</record>
